00761nam a22001097a 4500040000800000082002600008100005500034245049300089260002800582300002600610856001500636 cRUA aATM IV 2005 B220 Or.1 aIV SOKRANN; អ៊ីវ សុខរ៉ាន់. aThe study on village development committee in development program of department of rural development in prek prosop district, kratie province, ការសិក្សាពីគណៈកម្មាធិការអភិវឌ្ឍន៍ភូមិក្នុងកម្មវិធីអភិវឌ្ឍន៍របស់មន្ទីអភិវឌ្ឍន៍ជនបទ ក្នុងស្រុកព្រែកប្រសព្វ ខេត្តក្រចេះ. aPhnom Penh bRUA c2005 aix; 46p.bill.c29cm. u PREK PROS